II Cursillo sobre Propiedad Industrial / (Record no. 50883)

MARC details
000 -LEADER
campo de control de longitud fija 00681nam a2200181 i 4500
001 - NÚMERO DE CONTROL
campo de control 50883
003 - IDENTIFICADOR DE NÚMERO DE CONTROL
campo de control ES-MaACL
005 - FECHA Y HORA DE LA ÚLTIMA TRANSACCIÓN
campo de control 20230906162244.0
007 - CAMPO FIJO DE DESCRIPCIÓN FÍSICA--INFORMACIÓN GENERAL
campo de control de longitud fija t|
008 - DATOS DE LONGITUD FIJA--INFORMACIÓN GENERAL
campo de control de longitud fija 030807s1970 sp ||||1| spa d
111 2# - ENTRADA PRINCIPAL--NOMBRE DE CONGRESO/REUNIÓN
Nombre de congreso/reunión o jurisdicción como elemento de entrada Cursillo sobre Propiedad Industrial (
Número del congreso/reunión o número de parte o sección 2º.
Fecha del congreso o de la firma del tratado 1969.
Sede del congreso/Lugar de la reunión Barcelona)
9 (RLIN) 597
245 10 - MENCIÓN DEL TÍTULO
Título II Cursillo sobre Propiedad Industrial /
Mención de responsabilidad, etc. por A. Bercovitz ... [et al.].
260 ## - PUBLICACIÓN, DISTRIBUCIÓN, ETC.
Lugar de publicación, distribución, etc. Barcelona :
Nombre del editor, distribuidor, etc. Asociación Internacional para la Protección de la Propiedad Industrial,
Fecha de publicación, distribución, etc. [1970]
300 ## - DESCRIPCIÓN FÍSICA
Extensión 176 p. ;
Dimensiones 24 cm.
700 1# - ENTRADA AGREGADA--NOMBRE PERSONAL
Nombre de persona Bercovitz, Alberto.
9 (RLIN) 27856
710 2# - ENTRADA AGREGADA--NOMBRE DE ENTIDAD CORPORATIVA
Nombre de entidad corporativa o nombre de jurisdicción como elemento de entrada Asociación Internacional para la Protección Industrial.
9 (RLIN) 1735
852 ## - LOCALIZACIÓN
Ubicación ES-MaACL
Número de control de estantería C-37808
Sublocalización o colección R.75273
Holdings
Estatus retirado Estado de pérdida Estado de daño No para préstamo Biblioteca de origen Biblioteca actual Ubicación en estantería Fecha de adquisición Fuente de adquisición Total de préstamos Signatura topográfica completa Código de barras Visto por última vez Precio de reemplazo Tipo de ítem Koha
        Biblioteca del Ateneo de Madrid Biblioteca del Ateneo de Madrid Depósito 2 17/01/2008     C-37808 1053514 23/02/2023 23/02/2023 Libro impreso